00948nam a22002177a 450000500170000000800410001702000190005804000270007704100080010404400080011208200160012010000200013624500280015626000510018430000680023552003660030365000150066965000080068465000120069265000260070420200207170119.0200207b xxu||||| |||| 00| 0 spa d a 9780198542889 aCO-BoIAVH cCO-BoIAVH  aeng axxu a576.5bL67g aLewin, Benjamin aGenes VcBenjamin Lewin aNew York:bOxford University Press Inc,c1994. a1272 páginas,bIlustraciones y fotografías,c28.2 x 22.5 cm aPART 1. DNA as a store information PART 2. Translation: expressing genes as proteins. PART 3. Constructing the cell. PART 4. Control of prokaryotic gene expression PART 5. Perpetuation of DNA. PART 6. Organization of the eukaryotic genome. PART 7. Eukaryotic transcription and RNA processing. PART 8. The dynamic genome: DNA in flux PART 9. Genes in development 0aGenética 0aADN 0aCelulas 0aGenoma eucariótico